| 000 | 00481nam a2200181Ia 4500 | ||
|---|---|---|---|
| 008 | 230917s9999||||xx |||||||||||||| ||und|| | ||
| 020 | _cRS375 | ||
| 040 |
_e237891 _aMAIN |
||
| 041 | _aEnglish | ||
| 082 | _a515 S834P(3) | ||
| 100 | _aRudin, Walter | ||
| 245 | 0 | _aPrinciples of mathematical analysis | |
| 250 | _a3rd ed. | ||
| 260 |
_bMcGraw Hill Education (India) _c2015 |
||
| 300 | _ax, 342 p. | ||
| 500 | _a2604 09/02/2017 UBC17/7481 10/02/2017 Main Budget | ||
| 942 | _cBK | ||
| 999 |
_c21332 _d21332 |
||